Представление документа в формате RUSMARC

ПолеНазваниеЗначение
  Тип записи a
  Библиографический уровень m
001 Контрольный номер RU/УОНБ/EK/550775834
005 Дата корректировки 20260403094526.0
010 Индекс ISBN __
d Цена 300 р.
9 Тираж 300 экз.
100 Данные общей обработки __
a Данные общей обработки 20170614d2017 u y0rusy0189 ca
101 Язык документа 0_
a Язык текста rus
102 Страна публикации __
a Страна публикации RU
105 Кодированные данные (монография) __
a Кодированные данные (монография) a z 001yb
200 Заглавие и сведения об ответственности 1_
a Заглавие Василий Зуев: придворный миниатюрист художник фирмы Фаберже
f Первые сведения об ответственности В. Скурлов, Т. Фаберже, Н. Васильева [и др.]
203 Вид содержания и тип средства __
a Вид содержания Текст
a Вид содержания Изображение
b Характеристика содержания визуальные
c Тип средства непосредственные
210 Выходные данные 1_
a Место издания СПб.
a Место издания Женева
a Место издания Чердаклы
c Издательство НП-Принт
d Дата издания 2017
215 Физическое описание __
a Объем 215 с.
c Иллюстрации/тип воспроизводства ил., портр.
d Формат 28 см
320 Библиография __
a Библиография Библиогр.: с. 212-213
600 Персоналии _1
a Персоналии (Фамилия) Зуев
b Персоналии (Имя, инициалы) В. И.
g Полное имя Василий Иванович
606 Тематические рубрики 0_
a Основная рубрика Ювелирное искусство
x Основная подрубрика Фаберже
610 Ключевые слова 0_
a Ключевые слова русские художники 19 в.; русская живопись 19 в.; русское ювелирное искусство 19 в.; художники ювелирной фирмы Фаберже; ювелирное искусство Фаберже
686 Индексы других классификаций __
2 Код системы rubbk
a Классификационный индекс 85.143(2Р=Рус)5-8
686 Индексы других классификаций __
a Классификационный индекс 85.125.44
701 Альтернативная интеллектуальная ответственность _1
a Фамилия Скурлов
b Имя (инициалы) В.
g Полное личное имя Валентин
701 Альтернативная интеллектуальная ответственность _1
a Фамилия Фаберже
b Имя (инициалы) Т.
g Полное личное имя Татьяна
701 Альтернативная интеллектуальная ответственность _1
a Фамилия Васильева
b Имя (инициалы) Н.
g Полное личное имя Нина
701 Альтернативная интеллектуальная ответственность _1
a Фамилия Климовицкая
b Имя (инициалы) И.
701 Альтернативная интеллектуальная ответственность _1
a Фамилия Терехина
b Имя (инициалы) Л.
801 Источник записи _0
a Страна RU
b Организация Ульяновская ОНБ
c Дата составления 20170614
g Правила каталогизации RCR
801 Источник записи _1
a Страна RU
b Организация Ульяновская ОНБ
c Дата составления 20170614
g Правила каталогизации RCR
900 Электронные ресурсы __
a Имя электронного ресурса 2323Ц0072
900 Электронные ресурсы __
a Имя электронного ресурса 2323Ц0073
901 Тип документа __
t Тип документа m
909 Создатель записи __
a Создатель записи Пряхина
b Дата создания записи 20170922
910 Корректоры записи __
a Корректор записи Горбункова
b Дата внесения изменения в запись 20260403